Movies Quiz

Random Movies or Clickable Quiz
Score 0/16 Timer 06:00
9 Plays Today
% Correct
The Longest Yard
89.5%
The Waterboy
88.4%
Jack and Jill
85%
Happy Gilmore
84.3%
Big Daddy
83.6%
The Wedding Singer
80%
Billy Madison
78.4%
I Now Pronounce You Chuck & Larry
75.9%
% Correct
Little Nicky
74.4%
Funny People
73.9%
50 First Dates
73.3%
You Don't Mess with the Zohan
71.9%
Zookeeper
64.9%
Airheads
53.7%
Click
50.2%
Punch-Drunk Love
41.1%
Remove Ads.
Support Sporcle.
Get the best of Sporcle when you Go Orange. This ad-free experience offers more features, more stats, and more fun while also helping to support Sporcle. Thank you for becoming a member.

You're not logged in!

Compare scores with friends on all Sporcle quizzes.
OR
Log In

Show Comments

Extras

Top Quizzes Today


Score Distribution

Your Account Isn't Verified!

In order to create a playlist on Sporcle, you need to verify the email address you used during registration. Go to your Sporcle Settings to finish the process.

Report this User

Report this user for behavior that violates our Community Guidelines.

Details: